<?xml version="1.0" encoding="UTF-8"?>
<collection xmlns="http://www.loc.gov/MARC21/slim">
 <record>
  <leader>01330nam a22002535a 4500</leader>
  <controlfield tag="001">EUN.eunm007172</controlfield>
  <controlfield tag="005">20180302133505.0</controlfield>
  <controlfield tag="008">171123s2004####ag#a#####b####000#0#spa#d</controlfield>
  <datafield tag="020" ind1=" " ind2=" ">
   <subfield code="a">9789502313252</subfield>
  </datafield>
  <datafield tag="082" ind1="0" ind2="4">
   <subfield code="a">720.1</subfield>
   <subfield code="2">15</subfield>
  </datafield>
  <datafield tag="100" ind1="1" ind2=" ">
   <subfield code="a">Sacriste, Eduardo,</subfield>
   <subfield code="d">1905-1999.</subfield>
  </datafield>
  <datafield tag="245" ind1="1" ind2="0">
   <subfield code="a">Charlas a principiantes :</subfield>
   <subfield code="b">una visión integradora y dinámica de la arquitectura /</subfield>
   <subfield code="c">Eduardo Sacriste.</subfield>
  </datafield>
  <datafield tag="250" ind1=" " ind2=" ">
   <subfield code="a">2a. ed.</subfield>
  </datafield>
  <datafield tag="260" ind1=" " ind2=" ">
   <subfield code="a">Ciudad de Buenos Aires :</subfield>
   <subfield code="b">Eudeba,</subfield>
   <subfield code="c">2004.</subfield>
  </datafield>
  <datafield tag="300" ind1=" " ind2=" ">
   <subfield code="a">229 p. :</subfield>
   <subfield code="b">il. ;</subfield>
   <subfield code="c">24 cm.</subfield>
  </datafield>
  <datafield tag="490" ind1="1" ind2=" ">
   <subfield code="a">Temas. Arquitectura</subfield>
  </datafield>
  <datafield tag="500" ind1=" " ind2=" ">
   <subfield code="a">Reimpreso en 2012 (como 2a. ed., 2a. reimpr.).</subfield>
  </datafield>
  <datafield tag="500" ind1=" " ind2=" ">
   <subfield code="a">La base de este texto &quot;fue una serie de clases magistrales precisamente a estudiantes de la Facultad de Tucumán en 1961 ... Sacriste, en un alarde de didáctica y metodología, procede a armar el vasto andamiaje de la Arquitectura, desde los datos atómicos materiales hasta la definición de las estructuras conceptuales ...&quot;--Presentación.</subfield>
  </datafield>
  <datafield tag="504" ind1=" " ind2=" ">
   <subfield code="a">Incluye referencias bibliográficas.</subfield>
  </datafield>
  <datafield tag="650" ind1=" " ind2="7">
   <subfield code="a">Arquitectura.</subfield>
   <subfield code="2">unbist</subfield>
  </datafield>
  <datafield tag="830" ind1=" " ind2="0">
   <subfield code="a">Temas de EUDEBA.</subfield>
   <subfield code="p">Arquitectura y urbanismo</subfield>
  </datafield>
  <datafield tag="859" ind1=" " ind2=" ">
   <subfield code="a">AR-BaUNS</subfield>
   <subfield code="b">BIB. CENTRAL - Sector A</subfield>
   <subfield code="h">720.1</subfield>
   <subfield code="i">Sa14a2</subfield>
   <subfield code="p">126354/017</subfield>
  </datafield>
  <datafield tag="859" ind1=" " ind2=" ">
   <subfield code="a">AR-BaUNS</subfield>
   <subfield code="b">BIB. CENTRAL - Sector A</subfield>
   <subfield code="h">720.1</subfield>
   <subfield code="i">Sa14a2</subfield>
   <subfield code="p">126355/017</subfield>
   <subfield code="t">Ej.2</subfield>
  </datafield>
  <datafield tag="859" ind1=" " ind2=" ">
   <subfield code="a">AR-BaUNS</subfield>
   <subfield code="b">BIB. CENTRAL - Sector A</subfield>
   <subfield code="h">720.1</subfield>
   <subfield code="i">Sa14a2</subfield>
   <subfield code="p">126356/017</subfield>
   <subfield code="t">Ej.3</subfield>
  </datafield>
 </record>
</collection>
